| 000 | 00762nam a2200241 a 4500 | ||
|---|---|---|---|
| 008 | |||
| 020 | _a0582031850 (pbk.) | ||
| 049 | _aMAIN | ||
| 090 |
_aTA405 _bDER |
||
| 100 | 1 |
_aDerby, B. _q(Brian) |
|
| 245 | 1 | 0 |
_aMaterials for engineering : _ba fundamental design approach / _cB. Derby, D.A. Hills, C. Ruiz. |
| 260 |
_aEssex: _bLongman Scientific & Technical with Wiley, _c1992. |
||
| 300 |
_axvii, 300 p. : _bill. ; _c25 cm. |
||
| 504 | _aIncludes bibliographical references. | ||
| 500 | _aIncludes index. | ||
| 700 | 1 |
_aHills, D. A. _q(David Anthony) |
|
| 700 | 1 | _aRuiz, C. | |
| 907 |
_a.b10069707 _b24-04-12 _c17-04-03 |
||
| 003 | |||
| 005 | 20230123133545.0 | ||
| 040 | _cNUST | ||
| 942 |
_cBOOKS _kTA405 _mDER |
||
| 999 |
_c150656 _d150656 |
||